• 首页
  • 本馆介绍
  • 公告通知
  • 最新文献
  • 馆藏检索
  • 电子资源
  • 读者导购
  • 参考咨询
  • 我的图书馆
  • 登录
  • 详细信息显示
  • 放入我的书架
  • 预约/预借图书
  • 作者相关作品
  • 分类相关作品
  • 丛书相关作品
  • 出版社相关作品

书目信息

  • 表格格式
  • 工作单格式
  • 卡片格式
题名:
中国京剧脸谱
    
 
作者: 赵永岐 编绘
分册:  
出版信息: 北京   中国书店  2012.04
页数: 208页
开本: 29cm
丛书名:
单 册:
中图分类: J821.5
科图分类:
主题词: 京剧--脸谱--中国 , 京剧 , 脸谱
电子资源:
ISBN: 978-7-5149-0274-7
000 00904nam0 2200265 450
001 010010097886
005 20140612095928.70
010    @a978-7-5149-0274-7@dCNY88.00
100    @a20120612d2012 em y0chiy0110 ea
101 0  @achi
102    @aCN@b110000
105    @aa z 000yy
106    @ar
200 1  @a中国京剧脸谱@9zhong guo jing ju lian pu@dFacial makeup in Beijing opera of China@f赵永岐编绘@zeng
210    @a北京@c中国书店@d2012.04
215    @a208页@d29cm
330    @a本书介绍了中国京剧脸谱的渊源、京剧脸谱的形成、净角流派及各流派脸谱艺术特色、京剧脸谱的色彩常识、京剧脸谱谱式的类型、脸谱勾绘方法与步骤等知识。
510 1  @aFacial makeup in Beijing opera of China@zeng
606 0  @a京剧@x脸谱@y中国
606 0  @a京剧
606 0  @a脸谱
690    @aJ821.5@v5
701  0 @a赵永岐@9zhao yong qi@f(1966~)@4编绘
801  0 @aCN@bNLC@c20120727
905    @b549602-04@dJ821.5@e127@f3
    
    中国京剧脸谱=Facial makeup in Beijing opera of China/赵永岐编绘.-北京:中国书店,2012.04
    208页;29cm
    
    
    ISBN 978-7-5149-0274-7:CNY88.00
    本书介绍了中国京剧脸谱的渊源、京剧脸谱的形成、净角流派及各流派脸谱艺术特色、京剧脸谱的色彩常识、京剧脸谱谱式的类型、脸谱勾绘方法与步骤等知识。
●
相关链接 在E读中查询图书 在五车中查询图书 在当当中查询图书 在豆瓣中查询图书


正题名:中国京剧脸谱     索取号:J821.5/127         预约/预借

序号 登录号 条形码 馆藏地/架位号 状态 备注
1 549602   205496024   第一样本阅览室/ [索取号:J821.5/127] 在馆    
2 549603   205496033   第一借阅区/ [索取号:J821.5/127] 在馆    
3 549604   205496042   第一借阅区/ [索取号:J821.5/127] 在馆    
唐山师范学院图书馆 欢迎您!
大连网信软件有限公司© 版权所有